<?xml version="1.0" encoding="UTF-8"?>
<collection xmlns="http://www.loc.gov/MARC21/slim">
    <record>
        <controlfield tag="001">32488</controlfield>
        <controlfield tag="005">20170504094304.0</controlfield>
        <datafield tag="024" ind1="7" ind2=" ">
            <subfield code="2">doi</subfield>
            <subfield code="a">10.1186/1746-6148-10-59</subfield>
        </datafield>
        <datafield tag="024" ind1="8" ind2=" ">
            <subfield code="2">sideral</subfield>
            <subfield code="a">86668</subfield>
        </datafield>
        <datafield tag="037" ind1=" " ind2=" ">
            <subfield code="a">ART-2014-86668</subfield>
        </datafield>
        <datafield tag="041" ind1=" " ind2=" ">
            <subfield code="a">eng</subfield>
        </datafield>
        <datafield tag="100" ind1=" " ind2=" ">
            <subfield code="a">Garrido, V.</subfield>
        </datafield>
        <datafield tag="245" ind1=" " ind2=" ">
            <subfield code="a">Simultaneous infections by different Salmonella strains in mesenteric lymph nodes of finishing pigs</subfield>
        </datafield>
        <datafield tag="260" ind1=" " ind2=" ">
            <subfield code="c">2014</subfield>
        </datafield>
        <datafield tag="506" ind1="0" ind2=" ">
            <subfield code="a">Access copy available to the general public</subfield>
            <subfield code="f">Unrestricted</subfield>
        </datafield>
        <datafield tag="520" ind1="3" ind2=" ">
            <subfield code="a">Background
Salmonellosis is a major worldwide zoonosis, and Salmonella-infected finishing pigs are considered one of the major sources of human infections in developed countries. Baseline studies on salmonellosis prevalence in fattening pigs in Europe are based on direct pathogen isolation from mesenteric lymph nodes (MLN). This procedure is considered the most reliable for diagnosing salmonellosis in apparently healthy pigs. The presence of simultaneous infections by different Salmonella strains in the same animal has never been reported and could have important epidemiological implications.

Results
Fourteen finishing pigs belonging to 14 farms that showed high salmonellosis prevalence and a variety of circulating Salmonella strains, were found infected by Salmonella spp, and 7 of them were simultaneously infected with strains of 2 or 3 different serotypes. Typhimurium isolates showing resistance to several antimicrobials and carrying mobile integrons were the most frequently identified in the colonized MLN. Four animals were found infected by Salmonella spp. of a single serotype (Rissen or Derby) but showing 2 or 3 different antimicrobial resistance profiles, without evidence of mobile genetic element exchange in vivo.

Conclusion
This is the first report clearly demonstrating that pigs naturally infected by Salmonella may harbour different Salmonella strains simultaneously. This may have implications in the interpretation of results from baseline studies, and also help to better understand human salmonellosis outbreaks and the horizontal transmission of antimicrobial resistance genes.</subfield>
        </datafield>
        <datafield tag="540" ind1=" " ind2=" ">
            <subfield code="9">info:eu-repo/semantics/openAccess</subfield>
            <subfield code="a">by</subfield>
            <subfield code="u">http://creativecommons.org/licenses/by/3.0/es/</subfield>
        </datafield>
        <datafield tag="590" ind1=" " ind2=" ">
            <subfield code="a">1.777</subfield>
            <subfield code="b">2014</subfield>
        </datafield>
        <datafield tag="591" ind1=" " ind2=" ">
            <subfield code="a">VETERINARY SCIENCES</subfield>
            <subfield code="b">21 / 132 = 0.159</subfield>
            <subfield code="c">2014</subfield>
            <subfield code="d">Q1</subfield>
            <subfield code="e">T1</subfield>
        </datafield>
        <datafield tag="655" ind1=" " ind2="4">
            <subfield code="a">info:eu-repo/semantics/article</subfield>
            <subfield code="v">info:eu-repo/semantics/publishedVersion</subfield>
        </datafield>
        <datafield tag="700" ind1=" " ind2=" ">
            <subfield code="a">Sánchez, S.</subfield>
        </datafield>
        <datafield tag="700" ind1=" " ind2=" ">
            <subfield code="a">San Román, B.</subfield>
        </datafield>
        <datafield tag="700" ind1=" " ind2=" ">
            <subfield code="a">Zabalza-Baranguá, A.</subfield>
        </datafield>
        <datafield tag="700" ind1=" " ind2=" ">
            <subfield code="a">Díaz-Tendero, Y.</subfield>
        </datafield>
        <datafield tag="700" ind1=" " ind2=" ">
            <subfield code="a">de Frutos, C.</subfield>
        </datafield>
        <datafield tag="700" ind1=" " ind2=" ">
            <subfield code="0">(orcid)0000-0001-5442-7702</subfield>
            <subfield code="a">Mainar-Jaime, R.</subfield>
            <subfield code="u">Universidad de Zaragoza</subfield>
        </datafield>
        <datafield tag="700" ind1=" " ind2=" ">
            <subfield code="a">Grilló, M.J</subfield>
        </datafield>
        <datafield tag="710" ind1="2" ind2=" ">
            <subfield code="1">1009</subfield>
            <subfield code="2">773</subfield>
            <subfield code="a">Universidad de Zaragoza</subfield>
            <subfield code="b">Departamento de Patología Animal</subfield>
            <subfield code="c">Sanidad Animal</subfield>
        </datafield>
        <datafield tag="773" ind1=" " ind2=" ">
            <subfield code="g">10,  59 (2014), [6 pp.]</subfield>
            <subfield code="p">BMC Vet. Res.</subfield>
            <subfield code="t">BMC VETERINARY RESEARCH</subfield>
            <subfield code="x">1746-6148</subfield>
        </datafield>
        <datafield tag="856" ind1="4" ind2=" ">
            <subfield code="s">198468</subfield>
            <subfield code="u">http://zaguan.unizar.es/record/32488/files/texto_completo.pdf</subfield>
            <subfield code="y">Versión publicada</subfield>
        </datafield>
        <datafield tag="856" ind1="4" ind2=" ">
            <subfield code="s">110818</subfield>
            <subfield code="u">http://zaguan.unizar.es/record/32488/files/texto_completo.jpg?subformat=icon</subfield>
            <subfield code="x">icon</subfield>
            <subfield code="y">Versión publicada</subfield>
        </datafield>
        <datafield tag="909" ind1="C" ind2="O">
            <subfield code="o">oai:zaguan.unizar.es:32488</subfield>
            <subfield code="p">articulos</subfield>
            <subfield code="p">driver</subfield>
        </datafield>
        <datafield tag="951" ind1=" " ind2=" ">
            <subfield code="a">2017-05-04-09:41:21</subfield>
        </datafield>
        <datafield tag="980" ind1=" " ind2=" ">
            <subfield code="a">ARTICLE</subfield>
        </datafield>
    </record>

    
</collection>